| 000 | 00416cam a22001217a 4500 | ||
|---|---|---|---|
| 008 | 180718b1962 xxu||||| |||| 00| 0 eng d | ||
| 082 | _aB71103x5451 An24/1959-61 | ||
| 245 | _aThe Andhra Pradesh panchayat samithis and zilla parishads act, 1959 (as amended upto 28th October, 1961) | ||
| 260 |
_aHyderabad _bThe author _c1962 |
||
| 300 | _a56+p. | ||
| 500 | _aAct no. of 1959 | ||
| 700 | _aAndhra Pradesh. Law Department | ||
| 999 |
_c488550 _d488550 |
||